| 000 | 00624nam a2200193 a 4500 | ||
|---|---|---|---|
| 001 | 000035467 | ||
| 005 | 20200930074350.0 | ||
| 008 | 111101s1980 ck 000 0 spa d | ||
| 020 | _a968230055X | ||
| 040 |
_aDO-SdBNP _bspa _cBNPHU |
||
| 082 |
_axxxx _bP226m |
||
| 100 | 1 |
_aPardinas, Felipe _961322 |
|
| 245 | 1 | 0 |
_aMetodología y técnicas de investigación en ciencias sociales : _bintroducción elemental / _cFelipe Pardinas. |
| 250 | _a22a ed. | ||
| 260 |
_aColombia : _bSiglo Veintiuno de Colombia, _c1980. |
||
| 300 |
_a212 p. ; _c21 cm. |
||
| 490 | 1 | _aSicología y política | |
| 830 | 0 |
_aSicología y política _961323 |
|
| 999 |
_c34958 _d34958 |
||